| 000 | 00487nam a2200181Ia 4500 | ||
|---|---|---|---|
| 003 | GCL | ||
| 008 | 140319s9999 xx 000 0 ara d | ||
| 040 |
_aGCL / _cGCL |
||
| 082 | 0 | 4 |
_a843.03 _bح س |
| 100 | 1 | _aحداد، مالك | |
| 245 | 1 | 0 |
_aسأهبك غزالة / _cحداد، مالك |
| 300 | _a193 ص | ||
| 490 | _a | ||
| 650 | 0 | 4 | _aالادب الفرنسى |
| 650 | 0 | 4 | _aالادب المترجم |
| 650 | 0 | 4 | _aالادب الفرنسى المترجم |
| 942 |
_2ddc _cBK |
||
| 999 |
_c38386 _d38386 |
||